000 00451nam a2200145Ia 4500
008 151213s9999 xx 000 0 und d
100 _aসুমী আফরোজ।
245 _aকাছের মানুষ।
_cসুমী আফরোজ।
260 _aঢাকা
_bঅল্প কথা।
_c2001
300 _a8474 p.
650 _aBangla
650 _aBengali Literature
700 _aসুমী আফরোজ।
999 _c4312
_d4312